Wales launches spatial plan (Record no. 73590)

MARC details
000 -LEADER
fixed length control field 01616cam a2200265 4500
001 - CONTROL NUMBER
control field WB3939-15
008 - FIXED-LENGTH DATA ELEMENTS--GENERAL INFORMATION
fixed length control field 031014n2003 000 0 eng u
035 ## - SYSTEM CONTROL NUMBER
System control number (Sirsi) u123920
245 ## - TITLE STATEMENT
Title Wales launches spatial plan
260 ## - PUBLICATION, DISTRIBUTION, ETC.
Date of publication, distribution, etc. 2003
490 ## - SERIES STATEMENT
Series statement Planning (for the Natural and Built Environment)
Volume/sequential designation (1540) 10 October 2003, 8(1)
490 ## - SERIES STATEMENT
Series statement National Assembly for Wales Press Release
Volume/sequential designation 30 September 2003, (2)
520 ## - SUMMARY, ETC.
Summary, etc. The Welsh Assembly has published the UK's first spatial plan. The "Wales Spatial Plan" sets out the needs of rural and urban areas and proposes an enhanced role for the capital city, Cardiff. The report uses the word 'spatial' rather than 'land use' or 'development' to imply that a wider remit has been applied to the plan to include any form of activity with spatial implications. The "Wales Spatial Plan" is available on the Welsh Assembly website, http://www.wales.gov.uk/themesspatialplan/index.htm. The consultation closes on Friday 30 January, 2004. Written comments should be sent to the Wales Spatial Plan Unit, Room 1093, Cathays Park, Cardiff CF10 3NQ, or emailed to [email protected]. http://www.wales.gov.uk/servlet/PressReleaseByDateServlet?area_code=37E752F2000942E000000A2E00000000&document_code=N0000000000000000000000000012748
590 ## - LOCAL NOTE (RLIN)
Local note WB
650 ## - SUBJECT ADDED ENTRY--TOPICAL TERM
Topical term or geographic name entry element WALES
650 ## - SUBJECT ADDED ENTRY--TOPICAL TERM
Topical term or geographic name entry element SPATIAL PLANNING
650 ## - SUBJECT ADDED ENTRY--TOPICAL TERM
Topical term or geographic name entry element PLANNING POLICY
650 ## - SUBJECT ADDED ENTRY--TOPICAL TERM
Topical term or geographic name entry element Land use
9 (RLIN) 6251
650 ## - SUBJECT ADDED ENTRY--TOPICAL TERM
Topical term or geographic name entry element DEVELOPMENT
650 ## - SUBJECT ADDED ENTRY--TOPICAL TERM
Topical term or geographic name entry element RURAL ISSUES
650 ## - SUBJECT ADDED ENTRY--TOPICAL TERM
Topical term or geographic name entry element URBAN DEVELOPMENT
650 ## - SUBJECT ADDED ENTRY--TOPICAL TERM
Topical term or geographic name entry element CARDIFF
690 ## - LOCAL SUBJECT ADDED ENTRY--TOPICAL TERM (OCLC, RLIN)
Topical term or geographic name as entry element ENVIRONMENTAL AND LAND CONSULTANCY-PLANNING AND DEVELOPMENT
942 ## - ADDED ENTRY ELEMENTS (KOHA)
Suppress in OPAC 0
Holdings
Withdrawn status Lost status Source of classification or shelving scheme Damaged status Not for loan Home library Current library Shelving location Date acquired Total Checkouts Full call number Barcode Date last seen Copy number Price effective from Koha item type
    Dewey Decimal Classification     London London News article 14/10/2003   WB3939-15 123920-1001 06/08/2019 1 06/08/2019 News article